000 00670nam a2200229 i 4500
001 C2-0304370
003 PPAK
005 20180728085425.0
008 100519s xx a|||| ||||| | may d
040 _aPPAK
_beng
_cPPAK
_erda
082 0 4 _a305.8009595
_223
090 0 0 _a305.8009595
_bSUL
_dKK
100 0 _aSulaiman Salleh,
_eauthor
245 1 0 _aMasalah Hubungan Kaum Di Malaysia
300 _a6 pages :
_billustrations ;
_c30 cm
336 _2rdacontent
_atext
337 _2rdamedia
_aunmediated
338 _2rdacarrier
_avolume
500 _aArtikel dari majalah Dewan Masyarakat Mac 1971
650 1 0 _aMalaysia - Social life and customs
942 _ddc
_cB
999 _c107505
_d107505